000
00212nam a22001097a 4500
082
_a
158
_b
AMI/I
100
_a
AMISH
245
_a
IMMORTAL INDIA
300
_a
188
650
_a
PERSONALITY DEVELOPMENT
942
_c
BK
999
_c
5186
_d
5186